000
00287nam a2200121Ia 4500
008
190216s9999||||xx |||||||||||||| ||und||
100
_a
Duncan J And Sterling S G
245
2
_a
A Text Book Of Physics`
260
_b
Macmillan
_c
1968
300
_a
1063p
650
_a
Physics
942
_c
BK
999
_c
32737
_d
32737